| 000 | 00570nam a2200145Ia 4500 | ||
|---|---|---|---|
| 008 | 210430s9999 xx 000 0 und d | ||
| 020 | _a978-0-07-099348-8 | ||
| 082 | _a671.2 H3623 P | ||
| 100 | _aHeine, Richard W.; Carl R. Loper, Jr. & Philip C. Rosenthal. | ||
| 245 |
_aPrinciples of metal casting - second edition / _cHeine, Richard W.; Carl R. Loper, Jr. & Philip C. Rosenthal. |
||
| 260 |
_a[S.l.] : _bMcGraw-Hill, _c1967 |
||
| 300 | _a1 v. (unpaged) ; | ||
| 856 |
_uhttp://10.250.8.41:8080/xmlui/handle/123456789/46513 _yFor E-book Click here |
||
| 942 |
_cBK _2ddc |
||
| 999 |
_c564957 _d564957 |
||